| Tag |
First Indicator |
Second Indicator |
Subfields |
| LEADER |
00000cam a2200000 4500 |
| 001 |
in00000046514 |
| 005 |
20151007073237.0 |
| 008 |
750908s1948 enk 00000 eng d |
| 035 |
|
|
|a (OCoLC)01609884
|
| 035 |
|
|
|9 AAE9386AM
|
| 040 |
|
|
|a Missouri. Univ. Libr.
|c FQG
|d TXA
|d UtOrBLW
|
| 049 |
|
|
|a TXAM
|c [291974]
|
| 050 |
|
0 |
|a SB117
|b .B3 1948
|
| 092 |
|
|
|a 581.467
|b B293t
|
| 100 |
1 |
|
|a Barton, Lela V.
|q (Lela Viola),
|d 1901-
|
| 245 |
1 |
0 |
|a Twenty years of seed research at Boyce Thompson Institute for Plant Research.
|
| 264 |
|
1 |
|a London :
|b Faber and Faber,
|c [1948]
|
| 300 |
|
|
|a 148 pages
|
| 336 |
|
|
|a text
|b txt
|2 rdacontent
|
| 337 |
|
|
|a unmediated
|b n
|2 rdamedia
|
| 338 |
|
|
|a volume
|b nc
|2 rdacarrier
|
| 650 |
|
0 |
|a Seeds.
|
| 710 |
2 |
|
|a Boyce Thompson Institute for Plant Research.
|
| 999 |
|
|
|a MARS
|
| 999 |
f |
f |
|s 4ef49ba8-f8e9-33f7-95cb-082fb485e261
|i 1011fc79-7146-32b7-b892-c4222cba752f
|t 0
|
| 952 |
f |
f |
|p ric
|a Texas A&M University
|b Rellis Campus
|c Joint Library Facility
|d Remote Storage
|t 0
|e SB117 .B3 1948
|h Library of Congress classification
|i unmediated -- volume
|m A14800990391
|
| 998 |
f |
f |
|a SB117 .B3 1948
|t 0
|l Remote Storage
|